000 00380nam a2200169Ia 4500
100 _aBovee/Courtland L
650 _aBusiness Communication
250 _a8
942 _cBK
366 _f15
654 _abusiness communication
245 _aBusiness Communication today
260 _bPearson
_aMumbai
_c2005
082 _a372.6/BOV
_bBOV
546 _aENGLISH
999 _c23895
_d23895